Online
Catalog

Adán y Eva en búsquedad de la felicidad / (Record no. 24263)

MARC details
000 -CABECERA
campo de control de longitud fija 00941nam a2200313 a 4500
001 - NÚMERO DE CONTROL
campo de control 000024770
003 - IDENTIFICADOR DEL NÚMERO DE CONTROL
campo de control OSt
005 - FECHA Y HORA DE LA ÚLTIMA TRANSACCIÓN
campo de control 20250211114738.0
008 - DATOS DE LONGITUD FIJA--INFORMACIÓN GENERAL
campo de control de longitud fija 110203s1996 ve r 000 0 spa d
020 ## - NÚMERO INTERNACIONAL ESTÁNDAR DEL LIBRO
Número Internacional Estándar del Libro 9803540297
040 ## - FUENTE DE LA CATALOGACIÓN
Centro catalogador/agencia de origen DO-SdBNP
Lengua de catalogación spa
Centro/agencia transcriptor BNPHU
082 ## - NÚMERO DE LA CLASIFICACIÓN DECIMAL DEWEY
Número de clasificación 306.872
Número de documento/Ítem S454a
100 1# - ENTRADA PRINCIPAL--NOMBRE DE PERSONA
Nombre de persona Segnini, Isbelia M.
9 (RLIN) 50840
245 10 - MENCIÓN DE TÍTULO
Título Adán y Eva en búsquedad de la felicidad /
Mención de responsabilidad, etc. Isbelia M. Segnini.
260 ## - PUBLICACIÓN, DISTRIBUCIÓN, ETC.
Lugar de publicación, distribución, etc. Caracas :
Nombre del editor, distribuidor, etc. Alfadil Ediciones,
Fecha de publicación, distribución, etc. 1996.
300 ## - DESCRIPCIÓN FÍSICA
Extensión 119, [4] p. ;
Dimensiones 23 cm.
490 1# - MENCIÓN DE SERIE
Mención de serie Vida alternativa
Designación de volumen o secuencia 9
500 ## - NOTA GENERAL
Nota general Incluye datos del autor en la solapa de la cubierta
504 ## - NOTA DE BIBLIOGRAFÍA, ETC.
Nota de bibliografía, etc. Bibliografía p. 117-119
590 ## - NOTA LOCAL (RLIN)
Nota local Inventariado, 2020/ YL
650 #0 - PUNTO DE ACCESO ADICIONAL DE MATERIA--TÉRMINO DE MATERIA
Término de materia o nombre geográfico como elemento de entrada Matrimonio
9 (RLIN) 797
650 #4 - PUNTO DE ACCESO ADICIONAL DE MATERIA--TÉRMINO DE MATERIA
Término de materia o nombre geográfico como elemento de entrada Amor libre
9 (RLIN) 50841
650 #4 - PUNTO DE ACCESO ADICIONAL DE MATERIA--TÉRMINO DE MATERIA
Término de materia o nombre geográfico como elemento de entrada Educación para la vida familiar
9 (RLIN) 2729
650 #0 - PUNTO DE ACCESO ADICIONAL DE MATERIA--TÉRMINO DE MATERIA
Término de materia o nombre geográfico como elemento de entrada Familias
9 (RLIN) 795
830 ## - PUNTO DE ACCESO ADICIONAL DE SERIE-TÍTULO UNIFORME
Título uniforme Vida alternativa
9 (RLIN) 40327
Número de parte o sección de la obra 9
910 ## - DATOS DE OPCIÓN DEL USUARIO (OCLC)
Datos de opción del usuario En proceso
942 ## - ELEMENTOS DE PUNTO DE ACCESO ADICIONAL (KOHA)
Fuente del sistema de clasificación o colocación Dewey Decimal Classification
Tipo de ítem Koha Libros y folletos
956 ## - LOCALIZACIÓN Y ACCESO ELECTRÓNICOS LOCAL (OCLC)
Nombre del host YLOCKWARD
Holdings
Estado de retiro Estado de pérdida Fuente del sistema de clasificación o colocación Restricciones de uso No para préstamo Código de colección Localización permanente Ubicación/localización actual Fecha de adquisición Fuente de adquisición Número de inventario Total de préstamos Signatura topográfica completa Código de barras Fecha visto por última vez Precio válido a partir de Tipo de ítem Koha Ubicación en estantería Número de copia
    Dewey Decimal Classification   Excluido de préstamo Monografías: Libros y Folletos General General 03.02.2011 Donación LF1   306.872 S454a 24770-10 25.06.2020 25.06.2020 No se presta    
  Extraviado Dewey Decimal Classification   Excluido de préstamo Monografías: Libros y Folletos General General 19.04.2017   LF1   306.872 S454a 24770-20 25.06.2020 25.06.2020 No se presta Extraviado e. 2

Powered by Koha